000 00788nam a2200253Ia 4500
003 OSt
005 20220923215816.0
006 a|||||r|||| 00| 0
007 ta
008 220922b |||||||| |||| 00| 0 hin d
024 _a181,946
037 _cTextual
040 _aARTS
_cARTS
_bhin
041 _2hin
_ahin
082 _aO152,1N40x, K6
100 _aजैन, कुन्तल कुमार
245 0 _aपहिए के ऊपर
246 _aPahie ke ūpara
260 _aजालन्धर
_b हिन्दी भवन
_c1966
300 _a112 पृ.
_ccm.
650 _aहिन्दी साहित्य
_9156264
942 _hO152,1N40x, K6
_cTEXL
_2CC
999 _c335323
_d335323